Türkiye 2026 World Cup Squad - Statistics

General Stats
  • This quiz has been taken 59 times
  • The average score is 20 of 27
Answer Stats
Hint Answer % Correct
MF Arda Güler
96%
FW Kenan Yıldız
90%
FW Barış Alper Yılmaz
88%
FW Deniz Gül
84%
MF Hakan Çalhanoğlu
84%
FW Kerem Aktürkoğlu
84%
MF Orkun Kökçü
84%
DF Merih Demiral
82%
GK Uğurcan Çakır
82%
GK Mert Günok
80%
GK Altay Bayındır
78%
DF Abdülkerim Bardakçı
76%
DF Samet Akaydın
76%
Vincenzo Montella
75%
DF Ferdi Kadıoğlu
73%
DF Mert Müldür
73%
MF Can Uzun
71%
MF İsmail Yüksek
71%
DF Zeki Çelik
71%
DF Eren Elmalı
69%
MF Salih Özcan
69%
FW Yunus Akgün
67%
DF Çağlar Söyüncü
65%
MF İrfan Can Kahveci
57%
DF Ozan Kabak
55%
FW Oğuz Aydın
45%
MF Atakan Karazor
39%
No matching quizzes found
Score Distribution
Percent of People with Each Score
Percentile by Number Answered
Your Score History
You have not taken this quiz